000 00461cam a22001934a 4500
005 20250605164307.0
008 250528s ||||||||||||||||||||||||d
035 _a22324
020 _a9780340688021
040 _aGR-AtMCL
_bgre
_dGR-AtMCL
_eAACR2
245 1 _aWORKING WITH YOUNG CHILDREN
250 _a3
260 _bHodder & Stoughton,
_c1997
300 _a201
700 1 _aLindon Jennie
_92890
942 _cBK
999 _c7378
_d7378